Practical phonetics and phonology a resource book for students

Guardat en:
Dades bibliogràfiques
Autor principal: COLLINS, B.
Format: Llibre
Idioma:anglès
Publicat: Routhedge 2013
Etiquetes: Afegir etiqueta
Sense etiquetes, Sigues el primer a etiquetar aquest registre!

MARC

LEADER 00000nam a22000007a 4500
008 201208b ||||| |||| 00| 0 eng d
020 |a 978-0-415-50649-6 
100 |a COLLINS, B. 
245 |a Practical phonetics and phonology  |b  a resource book for students  |c  Beverley Collins and Inger Mees M  |g xxl, 329p. ; ill. 
250 |b 3rd ed.-  
260 |b Routhedge  |c 2013  |h Oxon  |i 689670   |i  691154   |i  691155  |l PE1135 .C69  |m English language – Phonetics.  |m English language – Phonology. 
500 |a Routledge English introductions). “It includes bibliographical references, index and CD-ROM.” 
942 |a lcc  |c BK  |e ADEYEYE Y. S.  |f 8/12/2020 
952 |0 0  |1 0  |2 lcc  |4 0  |6 PE1135 C69  |7 0  |9 234  |a HOL  |b ED  |d 2020-12-08  |l 0  |o PE1135 .C69  |p 2020-0175  |r 2020-12-08 00:00:00  |w 2020-12-08  |y BK 
952 |0 0  |1 0  |2 lcc  |4 0  |6 PE1135 C69  |7 0  |9 235  |a HOL  |b ART  |d 2020-12-08  |l 0  |o PE1135 .C69  |p 2020-0176  |r 2020-12-08 00:00:00  |w 2020-12-08  |y BK 
952 |0 0  |1 0  |2 lcc  |4 0  |6 PE1135 C69  |7 0  |9 236  |a HOL  |b HOL  |d 2020-12-08  |l 0  |o PE1135 .C69  |p 2020-0177  |r 2020-12-08 00:00:00  |w 2020-12-08  |y BK 
999 |c 90  |d 90